[Event "DSM WK M 2010"]
[Site "Karlsruhe GER"]
[Date "2010.05.07"]
[Round "3"]
[White "Beck, Clara"]
[Black "Frieling, Nora"]
[Result "1-0"]
[Termination "normal"]
[Board "6.4"]
[WhiteElo "812"]
[BlackElo "800"]
[WhiteTeam "Gymnasium Mainz-Gonsenheim"]
[BlackTeam "Mallinckrodt-Gymnasium Dortmund"]
[PlyCount "23"]
[EventCountry "GER"]
[EventRounds "7"]
[EventType "team-swiss"]
[EventDate "2010.05.06"]

1. e4 e5 2. Nf3 Nc6 3. Nc3 Nf6 4. Bb5 Bc5 5. d3 d6 6. Bg5 Bg4 7. Nd5 O-O 8.
Bxf6 gxf6 9. O-O Nd4 10. Bc4 c6 11. Ne3 Bxf3 12. gxf3 { Partie wegen falscher
Grundaufstellung nicht rekonstruierbar.} 1-0

[Event "DSM WK M 2010"]
[Site "Karlsruhe GER"]
[Date "2010.05.07"]
[Round "3"]
[White "Riedelsheimer, Julia"]
[Black "Berdin, Victoria"]
[Result "1-0"]
[Termination "normal"]
[Board "7.1"]
[WhiteElo "1152"]
[BlackElo "1073"]
[WhiteTeam "Gymnasium Donauwörth"]
[BlackTeam "Freiherr-vom-Stein-Gymnasium Berlin"]
[PlyCount "83"]
[EventCountry "GER"]
[EventRounds "7"]
[EventType "team-swiss"]
[EventDate "2010.05.06"]

1. d4 d5 2. g3 e6 3. Bg2 Nf6 4. Nf3 Be7 5. O-O O-O 6. c4 dxc4 7. Ne5 h6 8. Nxc4
Nc6 9. e3 Bd6 10. Nc3 Nd7 11. e4 Bb4 12. Bf4 Nb6 13. Nxb6 axb6 14. d5 exd5 15.
Nxd5 Bd6 16. Qd2 Bxf4 17. Qxf4 Nd4 18. Qxc7 Qxc7 19. Nxc7 Ra5 20. Rfd1 Nc2 21.
Rac1 Nb4 22. a3 Nc6 23. Nd5 Rc5 24. Nxb6 Rxc1 25. Rxc1 Nd4 26. Rxc8 Rxc8 27.
Nxc8 Nb3 28. e5 Nd2 29. Bxb7 Nc4 30. a4 Nxb2 31. a5 Nc4 32. a6 Na5 33. a7 Nxb7
34. a8=Q Nc5 35. Nd6+ Kh7 36. Nxf7 Kg6 37. Qc6+ Kxf7 38. Qxc5 Ke8 39. Qa7 Kd8
40. e6 Ke8 41. Kg2 Kd8 42. Qd7# 1-0

[Event "DSM WK M 2010"]
[Site "Karlsruhe GER"]
[Date "2010.05.07"]
[Round "3"]
[White "Erol, Nuriye Özgü"]
[Black "Gatej, Corinna"]
[Result "0-1"]
[Termination "normal"]
[Board "7.2"]
[WhiteElo "800"]
[BlackElo "918"]
[WhiteTeam "Freiherr-vom-Stein-Gymnasium Berlin"]
[BlackTeam "Gymnasium Donauwörth"]
[PlyCount "56"]
[EventCountry "GER"]
[EventRounds "7"]
[EventType "team-swiss"]
[EventDate "2010.05.06"]

1. e4 d5 2. f3 Nf6 3. exd5 Nxd5 4. d4 Nc6 5. Ne2 Bf5 6. Be3 Ndb4 7. Na3 e6 8.
c3 Nd5 9. Qd2 Qh4+ 10. g3 Qh5 11. g4 Bxg4 12. fxg4 Qxg4 13. O-O-O Bxa3 14. Rg1
Qf5 15. bxa3 O-O-O 16. Qd3 Qf6 17. Bg5 Qf2 18. Bxd8 Rxd8 19. Rxg7 Ne3 20. Rxf7
Qxf7 21. Qxe3 Qe7 22. Bh3 Qxa3+ 23. Kb1 Na5 24. Qc1 Qa4 25. Bxe6+ Kb8 26. Bb3
Nxb3 27. axb3 Qxb3+ 28. Ka1 Rd6 0-1

[Event "DSM WK M 2010"]
[Site "Karlsruhe GER"]
[Date "2010.05.07"]
[Round "3"]
[White "Miloslavski, Taisija"]
[Black "Aurnhammer, Bianca"]
[Result "1/2-1/2"]
[Termination "normal"]
[Board "7.4"]
[WhiteElo "800"]
[BlackElo "1038"]
[WhiteTeam "Freiherr-vom-Stein-Gymnasium Berlin"]
[BlackTeam "Gymnasium Donauwörth"]
[PlyCount "72"]
[EventCountry "GER"]
[EventRounds "7"]
[EventType "team-swiss"]
[EventDate "2010.05.06"]

1. e4 d5 2. exd5 Qxd5 3. Nc3 Qa5 4. d4 Bf5 5. Bd2 c6 6. f3 h6 7. Ne4 Qc7 8. c3
g5 9. g4 Bh7 10. c4 Nd7 11. Rc1 e6 12. d5 Bxe4 13. fxe4 exd5 14. cxd5 c5 15.
Be3 Qa5+ 16. Qd2 Qxd2+ 17. Bxd2 Ngf6 18. Bd3 Ne5 19. Rc3 Nxd3+ 20. Rxd3 O-O-O
21. h3 Nxe4 22. Nf3 Nxd2 23. Nxd2 Bg7 24. b3 Rhe8+ 25. Kf2 Re5 26. d6 Kd7 27.
Re1 Rxe1 28. Kxe1 Re8+ 29. Kd1 Re6 30. Nc4 b5 31. Ne3 Rxd6 32. Rxd6+ Kxd6 33.
Nf5+ Ke5 34. Nxg7 Kf4 35. a4 b4 36. Nf5 Kf3 1/2-1/2

[Event "DSM WK M 2010"]
[Site "Karlsruhe GER"]
[Date "2010.05.07"]
[Round "3"]
[White "Wichert, Melanie"]
[Black "Schellinger, Sara"]
[Result "1-0"]
[Termination "normal"]
[Board "8.1"]
[WhiteElo "800"]
[BlackElo "800"]
[WhiteTeam "Gymnasium am Thie Blankenburg"]
[BlackTeam "Kant-Gymnasium Karlsruhe"]
[PlyCount "68"]
[EventCountry "GER"]
[EventRounds "7"]
[EventType "team-swiss"]
[EventDate "2010.05.06"]

1. e4 e5 2. Nc3 Nf6 3. d3 Bb4 4. Bd2 Nc6 5. Nf3 d6 6. h3 O-O 7. Be2 Bxc3 8.
Bxc3 Be6 9. Ng5 Bd7 10. Bg4 Nxg4 11. hxg4 h6 12. Nh3 Nd4 13. Bxd4 exd4 14. f3
c6 15. Qd2 d5 16. O-O-O dxe4 17. dxe4 c5 18. Qf4 Qb6 19. g5 c4 20. gxh6 c3 21.
b3 Ba4 22. Qe5 Qf6 23. Qxf6 gxf6 24. bxa4 a6 25. Rxd4 Rab8 26. Rd6 b5 27. axb5
axb5 28. Kd1 Rfd8 29. Rd3 Rxd3+ 30. cxd3 Rd8 31. Kc2 Rc8 32. Rb1 Rc5 33. Rb3
Kh7 34. Rxc3 Rxc3+ 1-0

[Event "DSM WK M 2010"]
[Site "Karlsruhe GER"]
[Date "2010.05.07"]
[Round "3"]
[White "Schmitt, Anja"]
[Black "Böhnki, Linda"]
[Result "0-1"]
[Termination "normal"]
[Board "8.2"]
[WhiteElo "800"]
[BlackElo "800"]
[WhiteTeam "Kant-Gymnasium Karlsruhe"]
[BlackTeam "Gymnasium am Thie Blankenburg"]
[PlyCount "86"]
[EventCountry "GER"]
[EventRounds "7"]
[EventType "team-swiss"]
[EventDate "2010.05.06"]

1. d4 e6 2. b3 Nf6 3. Bb2 Nc6 4. Nf3 d6 5. e4 e5 6. Bc4 Ng4 7. h3 Nf6 8. Nc3 d5
9. exd5 Na5 10. Bb5+ Bd7 11. O-O e4 12. Ne5 c6 13. Ba4 cxd5 14. Nxd7 Bd6 15.
Nxf6+ Ke7 16. Nfxd5+ Ke6 17. Ne3 Bb8 18. Nxe4 Qc7 19. f3 Qf4 20. Kf2 Rd8 21. b4
Nc6 22. d5+ Ke7 23. dxc6 Rxd1 24. Raxd1 Bc7 25. Rd7+ Ke8 26. Bb3 bxc6 27. Rfd1
Rd8 28. Nf6+ gxf6 29. Bxf7+ Kf8 30. Bxf6 Qxf6 31. Ng4 Qh4+ 32. Ke3 Qg5+ 33. Kd3
Rxd7+ 34. Ke2 Rxd1 35. Kxd1 Kxf7 36. c4 c5 37. b5 Ba5 38. Kc2 Qd2+ 39. Kb1 Bc3
40. Nh6+ Qxh6 41. Kc2 Qd2+ 42. Kb3 Qb2+ 43. Ka4 Qb4# 0-1

[Event "DSM WK M 2010"]
[Site "Karlsruhe GER"]
[Date "2010.05.07"]
[Round "3"]
[White "Wilken, Andrea"]
[Black "Rauch, Silja"]
[Result "1-0"]
[Termination "normal"]
[Board "8.3"]
[WhiteElo "800"]
[BlackElo "800"]
[WhiteTeam "Gymnasium am Thie Blankenburg"]
[BlackTeam "Kant-Gymnasium Karlsruhe"]
[PlyCount "49"]
[EventCountry "GER"]
[EventRounds "7"]
[EventType "team-swiss"]
[EventDate "2010.05.06"]

1. e4 e5 2. Nf3 Nf6 3. Nc3 Nc6 4. d4 Nxd4 5. Nxd4 exd4 6. Qxd4 c5 7. Qc4 d5 8.
exd5 Qe7+ 9. Be2 Nxd5 10. Nxd5 Qd6 11. Bf4 Qc6 12. Nc7+ Kd8 13. Nxa8 Bd6 14.
Bxd6 Qxd6 15. Rd1 Qd7 16. Rxd7+ Bxd7 17. Qf4 Ke7 18. Nc7 Be6 19. O-O g5 20.
Qxg5+ f6 21. Qg7+ Kd8 22. Qxh8+ Kxc7 23. Qxf6 Bd7 24. Rd1 Bc8 25. Qd6# 1-0